Statistiques concernant Le Train des Drapeaux

Cliquez ici pour prendre le quiz!

Statistiques générales

  • Ce quiz a été pris 368 fois
  • Le résultat moyen est 12 sur 25

Statistiques - réponses

InstructionsPays% Correct
Changez le jaune en blanc.France
96%
Changez le noir en bleu.Roumanie/Tchad
95%
Changez le bleu en vert.Italie
91%
Changez le rouge en orange.Irlande
90%
Tournez le drapeau à 180 degrés.Côte d'Ivoire
77%
Tournez le drapeau à 90 degrés vers la droite et ajoutez une roue bleue à 24 rayons.Inde
72%
Remplacez la roue par un cercle orange.Niger
55%
Enlevez le cercle et changez le orange en rouge.Hongrie
53%
Déplacez la bande rouge tout en bas du drapeau.Bulgarie
48%
Ajoutez une feuille d'érable.Canada
45%
Tournez le drapeau à 180 degrés.Monaco/Indonésie
40%
Supprimez la feuille d'érable et la bande de droite et tournez le drapeau à 90 degrés vers la gauche.Pologne
40%
Tournez le drapeau à 90 degrés vers la droite, changez le blanc en jaune et ajoutez une étoile jaune.Cameroun
38%
Changez le vert en rouge.Pérou
37%
Ajoutez une lune et 5 étoiles blanches.Singapour
37%
Supprimez l'étoile et changez le jaune en blanc et le rouge en vert.Nigeria
34%
Supprimez l'étoile et échangez les bandes rouge et jaune.Mali
33%
Ajoutez une étoile verte.Sénégal
33%
Ajoutez un aigle jaune.Égypte
29%
Supprimez le triangle bleu et ajoutez une bande rouge en haut.Autriche
28%
Remplacez la bande rouge du bas par une bande bleue.Pays-Bas/Luxembourg
28%
Remplacez l'aigle par deux étoiles vertes.Syrie
26%
Remplacez le bleu par du noir.Yémen
23%
Supprimez les deux étoiles, tournez le drapeau à 90 degrés vers la droite et remplacez le blanc par du jauneBelgique
22%
Supprimez la lune et les 5 étoiles blanches, tournez le drapeau à 180 degrés et ajoutez un triangle bleu.République Tchèque
19%

Distribution des résultats

Percentile par nombre de réponses

% des personnes avec chaque résultat

Votre développement - résultats

Vous n’avez pas pris ce quiz